Score 0/9 Timer 01:30
0 Plays Today
Hint Answer % Correct
Original 'American Idol' JudgesSimon Cowell
90.6%
'NCIS' Series LocationsLos Angeles
87.7%
Original 'American Idol' JudgesPaula Abdul
85%
Original 'American Idol' JudgesRandy Jackson
75.2%
'NCIS' Series LocationsNew Orleans
53%
Dunphy Kids on 'Modern Family'Haley
49.6%
Dunphy Kids on 'Modern Family'Alex
49%
Dunphy Kids on 'Modern Family'Luke
47.5%
'NCIS' Series LocationsWashington, D.C.
39.4%
Remove Ads.
Support Sporcle.
Get the best of Sporcle when you Go Orange. This ad-free experience offers more features, more stats, and more fun while also helping to support Sporcle. Thank you for becoming a member.

You're not logged in!

Compare scores with friends on all Sporcle quizzes.
OR
Log In

Show Comments

Extras

Top Quizzes Today


Score Distribution

Your Account Isn't Verified!

In order to create a playlist on Sporcle, you need to verify the email address you used during registration. Go to your Sporcle Settings to finish the process.

Report this User

Report this user for behavior that violates our Community Guidelines.

Details: